|
|
|
|
| LEADER |
00946nam a22002652a 4500 |
| 001 |
001097798 |
| 003 |
CZ BrMZK |
| 005 |
20100909105948.0 |
| 007 |
ta |
| 008 |
100521s1984 xr er|||||||||||cze d |
| 015 |
|
|
|a cnb000024949
|
| 040 |
|
|
|a BOA001
|b cze
|
| 100 |
1 |
|
|a Pecha, Ivo
|7 jk01092301
|4 aut
|
| 245 |
1 |
0 |
|a Laboratorní cvičení pro SOU, učební obory řezník-uzenář, konzervář, konzervářka /
|c Ivo Pecha, Bohumil Janyš, Václav Durych
|
| 250 |
|
|
|a 3. vyd.
|
| 260 |
|
|
|a Praha :
|b Státní pedagogické nakladatelství,
|c 1984
|
| 300 |
|
|
|a 269 s.
|
| 490 |
1 |
|
|a Učebnice pro střední školy
|
| 700 |
1 |
|
|a Janyš, Bohumil
|4 aut
|
| 700 |
1 |
|
|a Durych, Václav
|7 jk01023365
|4 aut
|
| 830 |
|
0 |
|a Učebnice pro střední školy (Státní pedagogické nakladatelství)
|0 s
|
| 910 |
|
|
|a BOA001
|b 2-0880.009
|
| 990 |
|
|
|a BK
|
| 991 |
|
|
|b 201005
|
| 996 |
6 |
|
|b 2619413187
|c 2-0880.009
|l MZK
|r Sklad / do 1 hodiny
|n 0
|w 001123740
|u 000010
|a 1
|e BOA001
|j MZK50
|s P
|